El activismo religioso conservador en Latinoamerica. (Registro nro. 2259)

Detalles MARC
000 -LEADER
fixed length control field 01583nam a2200289 a 4500
008 - CAMPO DE CONTROL (LIBRO)
fixed length control field 110701t2009 ag |||f |||| 001 0 spa d
020 ## - INTERNATIONAL STANDARD BOOK NUMBER
ISBN 9789871742035
041 ## - CODIGO DE IDIOMA
Código de idioma del texto/pista de sonido o título separado spa
092 ## - SIGNATURA TOPOGRAFICA DEWEY LOCAL
número de clasificación 155.32
libristica 91
sección VAG
100 1# - ENTRADA PRINCIPAL--NOMBRE PERSONAL
Nombre personal Vaggione, Juan Marco
Función Comp.
9 (RLIN) 3063
245 #3 - TITULO PROPIAMENTE DICHO
Título El activismo religioso conservador en Latinoamerica.
Mención de responsabilidad y remanente de la transcripción de la portada Juan Marco Vaggione
250 ## - MENCION DE EDICION
Mención de edición 1a ed.
260 ## - PIE DE IMPRENTA
Lugar de publicación, distribución, etc Córdoba:
Nombre de la editorial, distribuidor, etc Hivos;
Fecha de publicación 2009.
300 ## - DESCRIPCION FISICA
Extension 319 p.
500 ## - NOTA GENERAL
Nota general Vaggione, J. M. (2009). El activismo religioso conservador en Latinoamérica. (1a ed.) Córdoba : Hivos.
653 ## - TÉRMINO INDIZADO - PALABRAS CLAVES
Palabra clave Activismo religioso conservador en Latinoamerica
653 ## - TÉRMINO INDIZADO - PALABRAS CLAVES
Palabra clave Religioes na esfera publica: Estrategias institucionais de intervencao-Igreja católitca no Brasil
653 ## - TÉRMINO INDIZADO - PALABRAS CLAVES
Palabra clave Estudios de bioética y la iglesia católica en los casos de Chile y Argentina
653 ## - TÉRMINO INDIZADO - PALABRAS CLAVES
Palabra clave Debates chilenos en torno a la sexualidad
653 ## - TÉRMINO INDIZADO - PALABRAS CLAVES
Palabra clave Sexualidades e identidades de género. Debates con el fundamentalismo religioso
653 ## - TÉRMINO INDIZADO - PALABRAS CLAVES
Palabra clave Disputas sobre el control de la sexualidad: activismo religioso conservador y dominación masculina
653 ## - TÉRMINO INDIZADO - PALABRAS CLAVES
Palabra clave Grupos conservadores y la democracia contemporánea
653 ## - TÉRMINO INDIZADO - PALABRAS CLAVES
Palabra clave Evangelicos, sexualidad y política. Instituciones evangélicas en los debates públicos sobre Unión Civil y educación sexual en la CABA
653 ## - TÉRMINO INDIZADO - PALABRAS CLAVES
Palabra clave Oposición a la Unión Civil: persistencias y fisuras del discurso de la iglesia católica en el debate legislativo
653 ## - TÉRMINO INDIZADO - PALABRAS CLAVES
Palabra clave Fundamentalismo religioso en Latinoamérica.Mirada de activistas por los derechos sexuales y reproductivos
942 ## - ADDED ENTRY ELEMENTS (KOHA)
Source of classification or shelving scheme Dewey Decimal Classification
Item type Libros
Existencias
Estado de retiro Existencia Fuente de clasificación Estado general No para prestamo Ubicación permanente ubicación actual Sala de ubicación Fecha de adquisición Fuente de adquisición Total Checkouts Número de clasificación Código de barras Date last seen Número de ejemplar Price effective from Koha tipo de elemento (item) Public note
    Dewey Decimal Classification     Biblioteca Medicina Biblioteca Medicina Circulación 09/05/2016 Donación Dra. Ambort, Cristina. Mayo 2016   155.32 91 VAG 3584 09/05/2016 Ej.1 09/05/2016 Libros Donación Dra. Ambort, Cristina. Mayo 2016

UNIVERSIDAD NACIONAL DEL COMAHUE
Biblioteca de la Facultad de Ciencias Médicas
Sede Toschi: Los Arrayanes y Av. Toschi, Cipolletti  - Rio Negro
Sede Los Tordos:  Yrigoyen al 2211, Cipolletti - Rio Negro 

Teléfono: 0299 - 4774707 int 25
Contacto: biblioteca@facimed.uncoma.edu.ar
© 2011 - 2026